000 00971nas a2200325 4500
001 BR0809166
003 BR-BrBNA
005 20231205112658.0
007 ta
008 230509b bl.|||p| |||| 00| 00por d
040 _aBR-BrBNA
_bpor
_cBiblioteca Nacional de Agricultura
041 _a(Pt)
072 _aL70
100 1 _aSilva, L.A.F. da
100 1 _aFrança, R.O.
100 1 _aVieira, D.
100 1 _aGarcia, A.M.
100 1 _aMoura, M.I. de
100 1 _aSilva, M.A.M. da
100 1 _aSilva, E.B. da
100 1 _aTrindade, B.R.
100 1 _aFranco, L.G.
245 1 _aEmprego da abraçadeira de náilon, do categute e do emasculador na hemostasia preventiva de ovariectomia em éguas
650 _aEQUINO
650 _aCIRURGIA
650 _aOVÁRIO
773 0 _tCiência Animal Brasileira (Brazil)
_xISSN 1518-2797
_g(Jan-Mar 2007), v. 8(1) p. 135-146
_wBR0809166
909 _a202311
_bLúcia
_c55
_dLúcia Elande
942 _2AGRIS
_n0
_cANA
999 _c199328
_d199328